Hazrat Usman Ghani: (Record no. 587675)
[ view plain ]
| 000 -LEADER | |
|---|---|
| fixed length control field | 00378nam a22001337a 4500 |
| 020 ## - INTERNATIONAL STANDARD BOOK NUMBER | |
| International Standard Book Number | 0000000566223 |
| 040 ## - CATALOGING SOURCE | |
| Transcribing agency | NUST |
| 082 ## - DEWEY DECIMAL CLASSIFICATION NUMBER | |
| Classification number | 297.64 TAH |
| 100 ## - MAIN ENTRY--PERSONAL NAME | |
| Personal name | Taha Hussain. Dr |
| 9 (RLIN) | 90528 |
| 245 ## - TITLE STATEMENT | |
| Title | Hazrat Usman Ghani: |
| Remainder of title | Tareekh Ki Roshni Main |
| 260 ## - PUBLICATION, DISTRIBUTION, ETC. | |
| Place of publication, distribution, etc. | LAHORE: |
| Name of publisher, distributor, etc. | Book Sellers International, |
| Date of publication, distribution, etc. | 2007. |
| 650 ## - SUBJECT ADDED ENTRY--TOPICAL TERM | |
| Topical term or geographic name entry element | Islam-Biography-Hazrat Usman Ghani |
| 9 (RLIN) | 90529 |
| 942 ## - ADDED ENTRY ELEMENTS (KOHA) | |
| Source of classification or shelving scheme | |
| Koha item type | Book |
| Withdrawn status | Lost status | Source of classification or shelving scheme | Damaged status | Not for loan | Permanent Location | Current Location | Shelving location | Date acquired | Full call number | Barcode | Date last seen | Price effective from | Koha item type |
|---|---|---|---|---|---|---|---|---|---|---|---|---|---|
| College of Electrical & Mechanical Engineering (CEME) | College of Electrical & Mechanical Engineering (CEME) | General Stacks | 01/20/2022 | 297.64 TAH (KIDS SEC) | CEME-50601 | 01/20/2022 | 01/20/2022 | Book |
